00777nam a2200181 a 4500003000200000005001700002008004100019050003600060100001900096245015900115260009100274300004000365504004100405650003000446650004300476650002600519650005000545020250605123607.0021126s19uu xx 00 eng d aPGS GV 1469.34.C57b.Sh556 2000 aShindo, Yudai. aRelationship between video game playing habits and academic performance of selected grade six students of Southville International School /cYudai Shindo. aLas Piñas City, Philippines : bSouthville International School and Colleges,c2000 a27 pages :billustrations ;c28 cm. aIncludes bibliographical references. aVideo games and children. aComputer gamesvPsychological aspects. aAcademic achievement. aEducational performancevInfluencing factors.